000 00564nam a2200169 4500
001 131145
003 ES-MaACL
007 t|
008 070214s1970 mx r ||||1| spa d
100 1 _aRobichek, Alexander A.
_997863
245 1 0 _aInvestigaciones y decisiones financieras y administrativas /
_cAlexander A. Robichek ; [versión... Mario Bracamonte Cantolla].
250 _a1ª ed.
260 _aMéxico [etc.] :
_bLimusa-Wiley,
_c1970.
300 _a276 p. ;
_c23 cm.
700 1 _aBracamonte Cantolla, Mario.
_931230
852 _aES-MaACL
_jE-7268
_bR.91326
999 _c131145
_d131145